000 00352nam a2200133Ia 4500
008 240624s9999 xx 000 0 und d
041 _aeng
082 _a658.85 MAR
100 _aMARTIN STEVE W
245 _aHEAVY HITTER SALES WISDOM PROVEN SALES W
260 _c2006
_aNew Jersey
_bJohn Wiley and Sons
300 _aix, : 262p. ; 23cm.
365 _c
_b27
999 _c4628
_d4628